Największe sieci stacji paliw w Europie - Statystyki

Ogólne statystyki
  • Ten quiz został rozwiązany 166 razy
  • Średni wynik to 3 z 10
Statystyki odpowiedzi
Liczba stacji Sieć stacji % Poprawnych
2800 PKN Orlen
99%
7000 BP
83%
7800 Shell
83%
2700 Circle K
47%
8200 Total
9%
5500 Eni
6%
3000 Avia
5%
6100 ExxonMobil
5%
4700 Repsol
5%
4600 Q8
3%
Nie znaleziono quizów pasujących do podanych kryteriów
Rozkład punktacji
Procent ludzi z każdym wynikiem
Percentyl według liczby udzielonych odpowiedzi
Twoja historia wyników
Nie rozwiązałeś tego quizu